000
00288nam a2200145Ia 4500
100
_a
Rao/Ketha A
650
_a
Coding
942
_c
BK
245
_a
Information theory and coding
260
_b
Nandu
_c
2014
082
_a
5.82
_b
RAO
300
_a
184
546
_a
ENGLISH
999
_c
22794
_d
22794